[Event "CRO-ch U17"]
[Site "Vinkovci"]
[Date "2016.07.31"]
[Round "9"]
[White "Borzan, Matej"]
[Black "Markovic, Marko"]
[Result "1-0"]
[WhiteElo "1521"]
[BlackElo "2226"]
[PlyCount "71"]
[EventDate "2016.07.25"]
[EventType "swiss"]
[EventRounds "9"]
[EventCountry "CRO"]
[SourceTitle "CBM 173 Extra"]
[Source "ChessBase"]
[SourceDate "2016.08.29"]
[SourceVersion "1"]
[SourceVersionDate "2016.08.29"]
[SourceQuality "1"]

1. d4 d5 2. c4 e6 3. Nc3 Nf6 4. Bg5 Be7 5. Nf3 h6 6. Bh4 g5 7. Bg3 Nc6 8. e3 a6 9. h3 Bb4 10. Qc2 Bd7 11. Ne5 Qe7 12. Nxc6 Bxc6 13. Rc1 dxc4 14. Rg1 Bd5 15. Be5 b5 16. a4 c6 17. f3 c5 18. dxc5 Bxc5 19. Ke2 Rg8 20. axb5 axb5 21. Nxb5 Rc8 22. Rd1 Kf8 23. Qc3 Kg7 24. g3 Qb7 25. Bxf6+ Kf8 26. Nd4 Bxd4 27. Rxd4 Bxf3+ 28. Kf2 Rg6 29. Rd8+ Rxd8 30. Bxd8 Bc6 31. Qh8+ Rg8 32. Qxh6+ Ke8 33. Bxg5 Qxb2+ 34. Be2 c3 35. Qf6 Qa3 36. Qd8# 1-0